<?xml version="1.0" encoding="UTF-8"?>
<record
    xmlns:xsi="http://www.w3.org/2001/XMLSchema-instance"
    xsi:schemaLocation="http://www.loc.gov/MARC21/slim http://www.loc.gov/standards/marcxml/schema/MARC21slim.xsd"
    xmlns="http://www.loc.gov/MARC21/slim">

  <leader>01961nam0a2200349   4500</leader>
  <controlfield tag="001">RU\NLR\BIBL_A\012404749</controlfield>
  <controlfield tag="005">20260421170921.0</controlfield>
  <datafield tag="010" ind1=" " ind2=" ">
    <subfield code="a">978-5-8336-1032-9</subfield>
    <subfield code="9">300</subfield>
  </datafield>
  <datafield tag="021" ind1=" " ind2=" ">
    <subfield code="a">RU</subfield>
    <subfield code="b">&#x41A;&#x41D;-&#x41F;-20-039440</subfield>
    <subfield code="9">&#x41A;&#x41D;-&#x41F;-20-2985</subfield>
  </datafield>
  <datafield tag="035" ind1=" " ind2=" ">
    <subfield code="a">(NLR Aleph) 012404749</subfield>
  </datafield>
  <datafield tag="090" ind1=" " ind2=" ">
    <subfield code="a">11743532</subfield>
    <subfield code="c">11743532</subfield>
  </datafield>
  <datafield tag="100" ind1=" " ind2=" ">
    <subfield code="a">20201116d2020    e  y0rusy50      ca</subfield>
  </datafield>
  <datafield tag="101" ind1="0" ind2=" ">
    <subfield code="a">oss</subfield>
  </datafield>
  <datafield tag="102" ind1=" " ind2=" ">
    <subfield code="a">RU</subfield>
  </datafield>
  <datafield tag="105" ind1=" " ind2=" ">
    <subfield code="a">y   j   000 y</subfield>
  </datafield>
  <datafield tag="181" ind1=" " ind2="0">
    <subfield code="a">i</subfield>
    <subfield code="b">axxe</subfield>
  </datafield>
  <datafield tag="182" ind1=" " ind2="0">
    <subfield code="a">n</subfield>
  </datafield>
  <datafield tag="200" ind1="1" ind2=" ">
    <subfield code="a">&#x418;&#x440;&#x43E;&#x43D; &#xE6;&#x432;&#x437;&#x430;&#x433; &#x430;&#x43C;&#x43E;&#x43D;&#x44B;&#x43D;&#x44B; &#x43C;&#x435;&#x442;&#x43E;&#x434;&#x438;&#x43A;&#xE6;</subfield>
    <subfield code="f">&#x41A;&#x443;&#x44B;&#x434;&#x437;&#x43E;&#x439;&#x442;&#x44B; &#x410;. &#x424;., &#x41C;&#x430;&#x439;&#x440;&#xE6;&#x43C;&#x44B;&#x445;&#x44A;&#x443;&#x430;&#x442;&#x44B; &#x424;. &#x410;.</subfield>
    <subfield code="g">&#x423;&#xE6;&#x43B;&#x434;&#xE6;&#x440; &#x430;&#x445;&#x443;&#x44B;&#x440;&#x430;&#x434;&#x44B; &#x424;&#x435;&#x434;&#x435;&#x440;&#x430;&#x43B;&#x43E;&#x43D; &#x41F;&#x430;&#x434;&#x434;&#x437;&#x430;&#x445;&#x430;&#x434;&#x43E;&#x43D; &#x431;&#x44E;&#x434;&#x436;&#x435;&#x442;&#x43E;&#x43D; &#x430;&#x445;&#x443;&#x44B;&#x440;&#x430;&#x434;&#x43E;&#x43D; &#x443;&#x430;&#x433;&#x434;&#x43E;&#x43D; "&#x426;&#xE6;&#x433;&#x430;&#x438; &#x418;&#x440;&#x44B;&#x441;&#x442;&#x43E;&#x43D;&#x44B; &#x425;&#x435;&#x442;&#x430;&#x433;&#x430;&#x442;&#x44B; &#x41A;&#x43E;&#x441;&#x442;&#x430;&#x439;&#x44B; &#x43D;&#x43E;&#x43C;&#x44B;&#x43B; &#x41F;&#x430;&#x434;&#x434;&#x437;&#x430;&#x445;&#x43E;&#x43D; &#x443;&#x43D;-&#x442;"</subfield>
  </datafield>
  <datafield tag="203" ind1=" " ind2=" ">
    <subfield code="a">&#x422;&#x435;&#x43A;&#x441;&#x442;</subfield>
    <subfield code="b">&#x432;&#x438;&#x437;&#x443;&#x430;&#x43B;&#x44C;&#x43D;&#x44B;&#x439;</subfield>
    <subfield code="c">&#x43D;&#x435;&#x43F;&#x43E;&#x441;&#x440;&#x435;&#x434;&#x441;&#x442;&#x432;&#x435;&#x43D;&#x43D;&#x44B;&#x439;</subfield>
  </datafield>
  <datafield tag="210" ind1=" " ind2=" ">
    <subfield code="a">&#x414;&#x437;&#xE6;&#x443;&#x434;&#x436;&#x44B;&#x445;&#x44A;&#xE6;&#x443;</subfield>
    <subfield code="c">&#x418;&#x437;&#x434;.-&#x43F;&#x43E;&#x43B;&#x438;&#x433;&#x440;. &#x446;&#x435;&#x43D;&#x442;&#x440; &#x421;&#x435;&#x432;&#x435;&#x440;&#x43E;-&#x41E;&#x441;&#x435;&#x442;&#x438;&#x43D;. &#x433;&#x43E;&#x441;. &#x443;&#x43D;-&#x442;&#x430; &#x438;&#x43C;. &#x41A;. &#x41B;. &#x425;&#x435;&#x442;&#x430;&#x433;&#x443;&#x440;&#x43E;&#x432;&#x430;</subfield>
    <subfield code="d">2020</subfield>
  </datafield>
  <datafield tag="215" ind1=" " ind2=" ">
    <subfield code="a">159 &#x441;.</subfield>
    <subfield code="c">&#x442;&#x430;&#x431;&#x43B;.</subfield>
    <subfield code="d">21</subfield>
  </datafield>
  <datafield tag="541" ind1="1" ind2=" ">
    <subfield code="6">z01790</subfield>
    <subfield code="a">&#x41C;&#x435;&#x442;&#x43E;&#x434;&#x438;&#x43A;&#x430; &#x43F;&#x440;&#x435;&#x43F;&#x43E;&#x434;&#x430;&#x432;&#x430;&#x43D;&#x438;&#x44F; &#x43E;&#x441;&#x435;&#x442;&#x43D;&#x441;&#x43A;&#x43E;&#x433;&#x43E; &#x44F;&#x437;&#x44B;&#x43A;&#x430;</subfield>
    <subfield code="e">&#x443;&#x447;&#x435;&#x431;. &#x43F;&#x43E;&#x441;&#x43E;&#x431;&#x438;&#x435;</subfield>
    <subfield code="z">rus</subfield>
  </datafield>
  <datafield tag="606" ind1="1" ind2=" ">
    <subfield code="a">&#x41E;&#x441;&#x435;&#x442;&#x438;&#x43D;&#x441;&#x43A;&#x438;&#x439; &#x44F;&#x437;&#x44B;&#x43A;</subfield>
    <subfield code="x">&#x41F;&#x440;&#x435;&#x43F;&#x43E;&#x434;&#x430;&#x432;&#x430;&#x43D;&#x438;&#x435;</subfield>
    <subfield code="x">&#x421;&#x440;&#x435;&#x434;&#x43D;&#x44F;&#x44F; &#x448;&#x43A;&#x43E;&#x43B;&#x430;</subfield>
    <subfield code="j">&#x423;&#x447;&#x435;&#x431;&#x43D;&#x44B;&#x435; &#x438;&#x437;&#x434;&#x430;&#x43D;&#x438;&#x44F; &#x434;&#x43B;&#x44F; &#x432;&#x44B;&#x441;&#x448;&#x438;&#x445; &#x443;&#x447;&#x435;&#x431;&#x43D;&#x44B;&#x445; &#x437;&#x430;&#x432;&#x435;&#x434;&#x435;&#x43D;&#x438;&#x439;</subfield>
    <subfield code="2">sh-onl</subfield>
    <subfield code="3">RU\NLR\auth-onl\66339</subfield>
  </datafield>
  <datafield tag="686" ind1="1" ind2=" ">
    <subfield code="a">&#x427;426.151 &#x44F;73</subfield>
  </datafield>
  <datafield tag="700" ind1=" " ind2="1">
    <subfield code="a">&#x41A;&#x443;&#x44B;&#x434;&#x437;&#x43E;&#x439;&#x442;&#x44B;</subfield>
    <subfield code="b">&#x410;.</subfield>
    <subfield code="g">&#x410;&#x43D;&#x436;&#x435;&#x43B;&#x4D5;</subfield>
    <subfield code="4">070</subfield>
  </datafield>
  <datafield tag="701" ind1=" " ind2="1">
    <subfield code="a">&#x41C;&#x430;&#x439;&#x440;&#x430;&#x43C;&#x443;&#x43A;&#x430;&#x435;&#x432;&#x430;</subfield>
    <subfield code="b">&#x424;. &#x410;.</subfield>
    <subfield code="f">1961-</subfield>
    <subfield code="g">&#x424;&#x430;&#x442;&#x438;&#x43C;&#x430; &#x410;&#x445;&#x43F;&#x43E;&#x43B;&#x430;&#x442;&#x43E;&#x432;&#x43D;&#x430;</subfield>
    <subfield code="3">RU\NLR\AUTH\770292633</subfield>
    <subfield code="4">070</subfield>
  </datafield>
  <datafield tag="790" ind1=" " ind2="1">
    <subfield code="6">z01541</subfield>
    <subfield code="a">&#x41A;&#x443;&#x434;&#x437;&#x43E;&#x435;&#x432;&#x430;</subfield>
    <subfield code="b">&#x410;. &#x424;.</subfield>
    <subfield code="g">&#x410;&#x43D;&#x436;&#x435;&#x43B;&#x430; &#x424;&#x435;&#x434;&#x43E;&#x440;&#x43E;&#x432;&#x43D;&#x430;</subfield>
    <subfield code="4">070</subfield>
  </datafield>
  <datafield tag="790" ind1=" " ind2="1">
    <subfield code="a">&#x41C;&#x430;&#x439;&#x440;&#x430;&#x43C;&#x443;&#x43A;&#x430;&#x435;&#x432;&#x430;</subfield>
    <subfield code="b">&#x424;. &#x410;.</subfield>
    <subfield code="f">1961-</subfield>
    <subfield code="g">&#x424;&#x430;&#x442;&#x438;&#x43C;&#x430; &#x410;&#x445;&#x43F;&#x43E;&#x43B;&#x430;&#x442;&#x43E;&#x432;&#x43D;&#x430;</subfield>
    <subfield code="3">RU\NLR\AUTH\770292633</subfield>
    <subfield code="4">070</subfield>
  </datafield>
  <datafield tag="852" ind1=" " ind2=" ">
    <subfield code="a">NLR</subfield>
    <subfield code="b">&#x41E;&#x41D;&#x41B;</subfield>
    <subfield code="j">&#x41E;&#x441;&#x435;&#x442;./3-2581</subfield>
  </datafield>
  <datafield tag="942" ind1=" " ind2=" ">
    <subfield code="c">BOOK</subfield>
  </datafield>
  <datafield tag="980" ind1=" " ind2=" ">
    <subfield code="a">NB</subfield>
  </datafield>
  <datafield tag="995" ind1=" " ind2=" ">
    <subfield code="5">2020-11-16</subfield>
    <subfield code="a">ad</subfield>
    <subfield code="b">NLR01</subfield>
    <subfield code="c">NLR01</subfield>
    <subfield code="e">ONL</subfield>
    <subfield code="f">1-2425915</subfield>
    <subfield code="k">&#x41E;&#x41D;&#x41B; &#x41E;&#x441;&#x435;&#x442;./3-2581</subfield>
    <subfield code="o">0</subfield>
    <subfield code="r">BOOK</subfield>
    <subfield code="s">_32581</subfield>
  </datafield>
</record>
